000
00240nam a22001097a 4500
082
_a
537.1EVD'F
100
_a
EVDOKIMOV, F.E
_9
79033
245
_a
FUNDAMENTALS OF ELECTRICITY
260
_a
MOSCOW
_b
MIR
_c
1971
300
_a
518P
942
_c
BK
999
_c
584104
_d
584104